New Technology‑Based Firms in the New Millennium

Saved in:
Bibliographic Details
Format: Book
Language:English
Tags: Add Tag
No Tags, Be the first to tag this record!
Call Number :

MARC

LEADER 00000nam a2200000 a 4500
001 104287
003 MY-KLNDU
005 20241220041913.0
008 171115 000 0 eng d
020 |a 9781780521190 
039 9 |y 201711150854  |z helmey 
245 1 |a New Technology‑Based Firms in the New Millennium 
999 |a vtls000060060  |c 104287  |d 104287